Rozpoznaj trenera po zdjęciu #1 - Statystyki

Ogólne statystyki
  • Ten quiz został rozwiązany 312 razy
  • Średni wynik to 9 z 16
Statystyki odpowiedzi
Obrazkowy Odpowiedź % Poprawnych
Pep Guardiola
98%
Zinédine Zidane
94%
Alex Ferguson
89%
Jerzy Brzęczek
84%
Arsene Wenger
75%
Luis Enrique
67%
Joachim Loew
61%
Jacek Magiera
60%
Jan Urban
60%
Waldemar Fornalik
53%
Roberto Mancini
45%
Maurizio Sarri
39%
Vicente del Bosque
39%
Paweł Janas
30%
Stefano Pioli
26%
Giovanni Trapattoni
8%
Nie znaleziono quizów pasujących do podanych kryteriów
Rozkład punktacji
Procent ludzi z każdym wynikiem
Percentyl według liczby udzielonych odpowiedzi
Twoja historia wyników
Nie rozwiązałeś tego quizu